Instrucciones para el jubileo universal del año de 1854, que debe comenzar en México el 1o. de enero de 1855 para concluir el 31 de marzo / Pío IX.

Kaydedildi:
Detaylı Bibliyografya
Müşterek Yazar: Iglesia Católica. Papa (1846-1878: Pío IX)
Materyal Türü: Kitap
Dil:İspanyolca
Konular:
Etiketler: Etiketle
Etiket eklenmemiş, İlk siz ekleyin!

MARC

LEADER 00000nam^a2200000^a^4500
001 000136592
005 20250526000000.0
009 20260310095322.967
037 |a Acervo ITESO - Biblioteca 
041 |a ESP 
082 |a 262. 91  |b IGL JUB PIO 1854 
110 |a Iglesia Católica.  |b Papa (1846-1878: Pío IX) 
240 1 1 |a [Encíclicas papales] 
240 1 1 |a [Jubileo universal] 
245 0 0 |a Instrucciones para el jubileo universal del año de 1854, que debe comenzar en México el 1o. de enero de 1855 para concluir el 31 de marzo / Pío IX. 
264 |a México :  |b Imprenta de Luis Abadiano y Valdés,  |c 1854 
300 |a 32 p. ;  |c 14.5 cm. 
649 |a XX 
650 |a Encíclicas 
650 |a Año Santo, 1854 
650 |a Año Santo 
650 |a Indulgencias 
650 |a Penitencia 
650 |a Arrepentimiento 
650 |a Sacramentos 
650 |a Conducta de Vida 
650 |a Etica Cristiana 
650 |a Vida Cristiana 
650 |a Oración (Religión) 
650 |a Ritos Religiosos 
650 |a Teología Práctica 
650 |a Educación Religiosa 
650 |a Documentos Pontificios 
650 |a Iglesia Católica -  |x Cartas y Edictos Pastorales 
650 |a Iglesia Católica -  |x Historia -  |y Papa, 1846-1878 (Pío IX) 
650 |a Iglesia Católica en México -  |x Historia -  |y Siglo XIX 
650 |a Catolicismo 
650 |a Cristianismo 
650 |a Religión 
740 0 |a Encíclica de Nuestro Santo Padre el Papa otorgando un Jubileo universal /  |c Pío IX. 
740 0 |a Prevenciones generales para el Arzobispado de México, con arreglo a la encíclica en que se concede el Santo jubileo / 
740 0 |a Práctica para ganar este jubileo / 
910 |a Fondo Salvador Reynoso Reynoso 
920 |a Impresos - Libros 
930 |a Libros Antiguos y Raros 
905 |a 108 
901 |a 0800013652  |b IT2  |c LRA  |u 20250526 
902 |a https://opac.biblio.iteso.mx/vufind/Record/000136592